| 000 | 00654nam a2200253Ia 4500 | ||
|---|---|---|---|
| 003 | OSt | ||
| 005 | 20221005131718.0 | ||
| 006 | a|||||r|||| 00| 0 | ||
| 007 | ta | ||
| 008 | 221004b |||||||| |||| 00| 0 eng d | ||
| 024 | _a20725 | ||
| 037 | _cTextual | ||
| 040 |
_aCRL _cCRL _beng |
||
| 041 |
_2eng _aeng |
||
| 082 | _aQ4v, J7;M3 | ||
| 100 |
_aPande Govind Chandra Au. _9639962 |
||
| 245 | 0 | _aStudies in the origins of Buddhism Govind Chandra Pande | |
| 250 | _a3rd ed | ||
| 260 | _c1983 | ||
| 300 |
_a606 _ccm. |
||
| 650 | _aBUDDHISM | ||
| 942 |
_hQ4v, J7;M3 _cTEXL _2cc |
||
| 999 |
_c1061178 _d1061178 |
||